000 00319nam a22001337a 4500
008 170525b xxu||||| |||| 00| 0 eng d
020 _a9781584884880
041 _aeng
080 _26 ED
_a62
100 _a26
101 _aim
245 _aMATHEMATICS FOR ENGINERING AND SCIENTES
_cJEFFREY.A
942 _2udc
_cBK
999 _c14203
_d14203